1774 1287 1832 1044 1151 1994 1242 1328 1775 1062 1269 1666 1414 1376 1391 1576 1303 1371 1073 1026 1631 1552 1570 1003 1785 1921 1545 1103 1436 1144 1438 1993 1584 1876 1780 1882 1922 1283 1314 1837 1352 1151 1343 1857 1735 1607 1721 1913 1964 1962 1691 1152 1277 1104 1723 1690 1698 1973 1096 1821 1830 1002 1026 1856 1704 1732 1661 1006 1320 1530 1051 1117 1061 1791 1919 1989 1038 1298 1907 1054 1971 1003 1672 1570 1120 1034 1320 1922 1243 1540 1324 1910 1519 1428 1361 1034 1270 1964 1048 BCNSPRNW ULIB Ver.6.0+V

เปลี่ยนเป็นภาษาไทย

Change to English
 แสดงรายละเอียดบรรณานุกรม
  กลับหน้าหลัก

Brief Record : Get Marc (ISO 2709) : E-mail record : QR code < ปิดหน้าต่าง
LEADER : 00000nam 2200000uu 4500
001    13399108189
003     ULIB
008    110217s2545||||th 000 0 tha d
020    9748732754 (ล.3)
060 04 WY1500^bส236ก ล.3 2543
245 00 การพยาบาลทางอายุรศาสตร์ เล่ม3/^cบรรณาธิการ,สมจิต หนุเจริญกุล
250    พิมพ์ครั้งที่ 11 (ฉบับปรับปรุงแก้ไขครั้งที่ 4)
260    กรุงเทพฯ :^bโครงการตำราภาควิชาพยาบาลศาสตร์ คณะแพทยศาสตร์โรงพยาบาลรามาธิบดี มหาวิทยาลัยมหิดล,^c2545
300    4 เล่ม :^bภาพประกอบ ;^c26 ซม.
500 ตำ รานี้จัดพิมพ์เผยแพร่โดยได้รับความสนับสนุนจากโครงการตำราภาควิชาพยาบาลศาสตร์ คณะแพทยศาสตร์โรงพยาบาลรามาธิบดี มหาวิทยาลัยมหิดล
650  7 การพยาบาล
650  7 ผู้ป่วย
650  7 ทางเดินอากาศหายใจ,โรค^xการพยาบาล
650  7 หัวใจ,โรค^xการพยาบาล
650  7 อายุรศาสตร์
700 0  สมจิต หนุเจริญกุล,^eบรรณาธิการ
710 2  มหาวิทยาลัยมหิดล. ^bคณะแพทยศาสตร์โรงพยาบาลรามาธิบดี
945    ^p150^l0^i023821
945    ^p150^l0^i023820
945    ^p150^l0^i023819
945    ^p150^l0^i023818
945    ^p150^l0^i023822
945    ^p150^l0^i018755
995    ทศพร
999 ^a ใช้งานได้ทุกระบบ
รายการนี้ยังไม่มีแท็ก
คุณยังไม่ได้ล็อกอิน คุณสามารถมีกิจกรรมร่วมกับเว็บไซต์ได้ แต่ต้องล็อกอินก่อน ::
  ล็อกอิน

รายการสื่อสารสนเทศ

ลำดับที่ ประเภท เลขเรียก/บาร์โค้ด สถานที่ สถานะ
- ไม่พบข้อมูล -

รายการใกล้เคียง
    หัวเรื่อง [การพยาบาล]
    หัวเรื่อง [ผู้ป่วย]
    หัวเรื่อง [อายุรศาสตร์]

BibComment


ยังไม่เคยถูกคอมเมนท์

คอมเมนท์ทรัพยากรรายการนี้
  คอมเมนท์: การพยาบาลทางอายุร..


 Copyright 2026. Bcnsprnw @Library